000 00729cam a22002533a 4500
001 4518
003 PGUSA
005 20140828083057.0
008 031001s2003||||xxu|||||s|||||000 1 eng d
040 _aPGUSA
_beng
042 _adc
050 4 _aPS
100 1 _aWharton, Edith,
_d1862-1937
245 1 0 _aMadame de Treymes
_h[electronic resource] /
_cEdith Wharton
260 _bProject Gutenberg,
_c2003
506 _aPublic domain in the USA.
516 _aElectronic text
653 _aManners and customs -- Fiction
653 _aAmericans -- France -- Fiction
653 _aWomen -- Conduct of life -- Fiction
830 0 _aProject Gutenberg
_v4518
856 4 0 _uhttp://www.gutenberg.org/ebooks/4518
942 _cEB
999 _c233847
_d233847